|
|
|
|
| LEADER |
01208pam a22003018a 4500 |
| 001 |
00043685 |
| 005 |
20190305140346.0 |
| 008 |
170515s2005 ||||||Viesd |
| 020 |
# |
# |
|a 9786046028604
|c 450000
|
| 041 |
0 |
# |
|a Vie
|
| 082 |
1 |
4 |
|a 338.409 597 8
|b K600Y
|
| 110 |
1 |
# |
|a Trường Đại học Trà Vinh
|
| 245 |
1 |
0 |
|a Kỷ yếu hội thảo khoa học "Định hướng liên kết và phát triển du lịch tiểu vùng Duyên hải phía Đông đồng bằng sông Cửu Long"
|
| 260 |
# |
# |
|a Hà Nội
|b Nông nghiệp
|c 2018
|
| 300 |
# |
# |
|a 328 tr.
|c 27 cm
|
| 653 |
# |
# |
|a Du lịch
|
| 653 |
# |
# |
|a Bài viết
|
| 653 |
# |
# |
|a Duyên hải phía Đông
|
| 653 |
# |
# |
|a Đồng bằng sông Cửu Long
|
| 653 |
# |
# |
|a Phát triển
|
| 653 |
# |
# |
|a Kỷ yếu
|
| 653 |
# |
# |
|a Hội thảo khoa học
|
| 710 |
# |
# |
|a Viện nghiên cứu phát triển kinh tế và du lịch
|
| 710 |
# |
# |
|a Trường Đại học Trà Vinh
|
| 710 |
# |
# |
|a Sở Văn hóa, thể thao và du lịch tỉnh Trà Vinh
|
| 852 |
# |
# |
|j KD.0024484
|
| 910 |
# |
# |
|d 4/3/2019
|
| 980 |
# |
# |
|a Trung tâm Học liệu Lê Vũ Hùng, Trường Đại học Đồng Tháp
|